| 000 | 00844cam a2200265 i 4500 | ||
|---|---|---|---|
| 999 |
_c24653 _d24653 |
||
| 001 | 1759786 | ||
| 003 | BDDh-ASL | ||
| 005 | 20231015030408.0 | ||
| 008 | 760427s1974 ii af b 000 0aeng | ||
| 010 | _a 75903879 | ||
| 020 | _cRs25.00 | ||
| 040 |
_aDLC _cDLC _dDLC _dBDDh-ASL |
||
| 043 |
_aa-ii--- _aa-pk--- |
||
| 050 | 0 | 0 |
_aDS485.P2 _bU33 1974 |
| 082 | 0 | 0 |
_a954.55035 _bGRL |
| 100 | 0 |
_aUdham Singh, _d1899-1940. |
|
| 245 | 1 | 0 |
_aLetters of Udham Singh / _cedited by J. S. Grewal & H. K. Puri. |
| 260 |
_aAmritsar : _bGuru Nanak University, _c1974. |
||
| 300 |
_a104 p., [2] leaves of plates : _bill. ; _c22 cm. |
||
| 504 | _aBibliography: p. [101]-104. | ||
| 600 | 0 | 0 |
_aUdham Singh, _d1899-1940. |
| 651 | 0 |
_aPunjab (India) _xPolitics and government _xSources. |
|
| 906 |
_a7 _bcbc _corignew _d4 _encip _f19 _gy-gencatlg |
||
| 942 |
_2ddc _cBK |
||